| 000 | 00843cam a2200265 a 4500 | ||
|---|---|---|---|
| 001 | 000008027 | ||
| 005 | 20200929154411.0 | ||
| 008 | 940607s1993 sp 000 f spa d | ||
| 020 | _a8423972976 | ||
| 040 |
_aDO-SdBNP _cNN _dWU _dDLC |
||
| 082 |
_a863.64 _bQ8e |
||
| 100 | 1 |
_aQuiroga, Elena, _b1921-1995 _921931 |
|
| 245 | 1 | 0 |
_aEscribo tu nombre / _cElena Quiroga ; introducción de Phyllis Zatlin. |
| 260 |
_aMadrid : _bEspasa-Calpe, _cc1993. |
||
| 300 |
_a575 p. ; _c18 cm. |
||
| 490 | 1 |
_aAustral _aLiteratura |
|
| 504 | _aIncluye referencias bibliográficas y notas al pie de las páginas | ||
| 650 | 4 |
_aNovela española _91123 |
|
| 650 | 4 |
_aLiteratura española _9632 |
|
| 700 | 1 |
_aZatlin, Phyllis, _eintr. _921932 |
|
| 830 | 0 |
_aAustral. _pLiteratura _921451 |
|
| 910 | _aCatalogación por copia / LC | ||
| 910 | _aWM | ||
| 049 | _aBNGR | ||
| 999 |
_c7804 _d7804 |
||